Normal view
MARC view
Entry Personal Name
001 - CONTROL NUMBER
- control field: 56923
003 - CONTROL NUMBER IDENTIFIER
- control field: dpl
005 - DATE AND TIME OF LATEST TRANSACTION
- control field: 20230919115707.0
008 - FIXED-LENGTH DATA ELEMENTS
- fixed length control field: 230919|| aca||aabn | a|a d
040 ## - CATALOGING SOURCE
- Original cataloging agency: dpl
- Transcribing agency: dpl
100 ## - HEADING--PERSONAL NAME
- Personal name: Nirosha, Ch
670 ## - SOURCE DATA FOUND
- Source citation: Work cat.: (dpl)198347: Rao, K.V. Govardhan 56922, Power Systems-II /, 2023
